Esse inferno vai acabar (Record no. 189540)

MARC details
000 -LÍDER
campo de controle de tamanho fixo 00384 a2200169 4500
001 - NÚMERO DE CONTROLE
campo de controle 189540
020 ## - ISBN - INTERNATIONAL STANDARD BOOK NUMBER
ISBN - International Standard Book Number 978-85-60171-20-0
040 ## - FONTE DA CATALOGAÇÃO
Instituição que transcreveu o registro Magnum
100 ## - ENTRADA PRINCIPAL--NOME PESSOAL
Nome pessoal Werneck, Humberto
240 10 - TÍTULO UNIFORME
Título uniforme Esse inferno vai acabar
Idioma da obra por
245 10 - TÍTULO
Título Esse inferno vai acabar
300 ## - DESCRIÇÃO FÍSICA
Extensão 192
362 0# - DATAS DE PUBLICAÇÃO E/OU DESIGNAÇÃO SEQUENCIAL
Datas de publicação e/ou designação sequencial 2011
440 #1 - DECLARAÇÃO DE SÉRIE/ENTRADA ADICIONADA--TÍTULO
Título Arquipélago Editorial
697 ## - ENTRADA DE ASSUNTO LOCAL--ENTIDADE COLETIVA (RLIN)
Nome corporativo ou nome da jurisdição LITERATURA GERAL
942 ## - ELEMENTOS DE ENTRADA ADICIONADOS (KOHA)
Tipo de material Koha Livros
Holdings
Situação do descarte Situação das perdas Situação física Não pode ser emprestado Biblioteca de origem Biblioteca atual Data de aquisição Total de empréstimos Número de chamada completo Código de barras Data de último acesso Data do preço efetivo Tipo de material Koha
        Magnum Magnum 08/06/2024   869.4.646 MAG00064606 08/06/2024 08/06/2024 Livros
        Magnum Magnum 08/06/2024   869.4.646 MAG00064607 08/06/2024 08/06/2024 Livros
        Magnum Magnum 08/06/2024   869.4.646 MAG00064608 08/06/2024 08/06/2024 Livros